Improving Practice and Performance in Basketball (Record no. 14672)

MARC details
000 -LEADER
fixed length control field 01006nam a2200121Ia 4500
008 - FIXED-LENGTH DATA ELEMENTS--GENERAL INFORMATION
fixed length control field 220615s9999||||xx |||||||||||||| ||und||
100 ## - MAIN ENTRY--PERSONAL NAME
Personal name Scanlan, Aaron||Dalbo, Vincent
245 #0 - TITLE STATEMENT
Title Improving Practice and Performance in Basketball
546 ## - LANGUAGE NOTE
Language note English[eng]
650 ## - SUBJECT ADDED ENTRY--TOPICAL TERM
Topical term or geographic name entry element n/a||talent selection||classification tree||Movement Assessment Battery for Children-2||NBA||basketball||maturation||body composition||fatigue||countermovement jump||athletic performance||circadian rhythm||injury||basketball tactics||female||athlete||non-linear analysis||monitoring||basketball performance||performance analysis||training load||variability||game-related statistics||sleep||youth athletes||accelerometer||women athletes||fat free mass||collegiate athletes||workloads||team sports||machine learning||microtechnology||motor manual sequences||elite sport||attention||visuo-spatial working memory||playing position||smallest worthwhile change||body fat
856 ## - ELECTRONIC LOCATION AND ACCESS
Uniform Resource Identifier <a href="https://mdpi.com/books/pdfview/book/1799">https://mdpi.com/books/pdfview/book/1799</a>
942 ## - ADDED ENTRY ELEMENTS (KOHA)
Koha item type E-Books
Holdings
Withdrawn status Lost status Damaged status Not for loan Home library Current library Date acquired Total Checkouts Date last seen Price effective from Koha item type
        Kerala University of Digital Sciences, Innovation and Technology Knowledge Centre Kerala University of Digital Sciences, Innovation and Technology Knowledge Centre 15/06/2022   15/06/2022 15/06/2022 E-Books